000 02322cam a22004937a 4500
003 CHAP
005 20220329140919.0
008 080516s1986 mex r 00010 esp d
010 _a59717
011 _a60689
035 _a64851
040 _cCHAP
082 _a551.59
_bG36 1986
100 0 0 _aGarcía de Miranda, Enriqueta.
_945916
245 1 0 _aApuntes de climatología
250 _a5 ed.
260 _aMéxico, D. F. :
_b(s.e.),
_c1986
300 _a155 p.
_b: ilus. ; mapas
500 _ac.5 sust. por 6a. ed. de 1989
590 _aBATCH-UPD
_b10
_c20130110
_lUCH01
_h1351
590 _aBATCH-UPD
_b10
_c20130410
_lUCH01
_h0847
590 _aBATCH-UPD
_b10
_c20130914
_lUCH01
_h0949
590 _aCONVERSION
_b10
_c20130109
_lUCH01
_h1332
650 1 4 _aClimatología.
_923864
901 _aBK
942 _cLIBRO
949 _a551.59 G36 1986
_bBC
_cLIBRO
_d-142704
_eLIBRO
_fc.13
_h77393
_i64851
_si
949 _a551.59 G36 1986
_bBC
_cLIBRO
_d33724000089884
_eLIBRO
_fc.3
_h66849
_i64851
_si
949 _a551.59 G36 1986
_bBC
_cLIBRO
_d33724000460952
_eLIBRO
_fc.2
_h66847
_i64851
_si
949 _a551.59 G36 1986
_bBC
_cLIBRO
_d33724000460986
_eLIBRO
_fc.8
_h77388
_i64851
_si
949 _a551.59 G36 1986
_bBC
_cLIBRO
_d33724000461026
_eLIBRO
_fc.12
_h77392
_i64851
_si
949 _a551.59 G36 1986
_bBC
_cLIBRO
_d33724000461042
_eLIBRO
_fc.6
_h77386
_i64851
_si
949 _a551.59 G36 1986
_bBC
_cLIBRO
_d33724000461059
_eLIBRO
_fc.14
_h77394
_i64851
_si
949 _a551.59 G36 1986
_bBC
_cLIBRO
_d33724000461117
_eLIBRO
_fc.15
_h70446
_i64851
_si
949 _a551.59 G36 1986
_bBC
_cLIBRO
_d33724000720850
_eLIBRO
_fc.17
_h74443
_i64851
_si
949 _a551.59 G36 1986
_bBC
_cLIBRO
_d33724000746087
_eLIBRO
_fc.10
_h77390
_i64851
_si
949 _a551.59 G36 1986
_bBC
_cLIBRO
_d33724000786729
_eLIBRO
_fc.16
_h70447
_i64851
_si
949 _a551.59 G36 1986
_bBC
_cLIBRO
_d33724000891099
_eLIBRO
_h66846
_i64851
_si
949 _a551.59 G36 1986
_bBC
_cLIBRO
_d33724000904462
_eLIBRO
_fc.7
_h77387
_i64851
_si
949 _a551.59 G36 1986
_bBC
_cLIBRO
_d33724000916375
_eLIBRO
_fc.4
_h66849
_i64851
_si
949 _a551.59 G36 1986
_bBC
_cLIBRO
_d33724000924635
_eLIBRO
_fc.18
_h70444
_i64851
_si
949 _a551.59 G36 1986
_bBC
_cLIBRO
_d33724000936613
_eLIBRO
_fc.11
_h77391
_i64851
_si
949 _a551.59 G36 1986
_bBC
_cLIBRO
_d33724002046504
_eLIBRO
_fc.9
_h77389
_i64851
_si
_t$18.000.00
999 _c59717
_d59717